Wszystkie stacje i przystanki kolejowe we Wrocławiu - Statystyki

Ogólne statystyki
  • Ten quiz został rozwiązany 143 razy
  • Średni wynik to 18 z 30
Statystyki odpowiedzi
Odpowiedź % Poprawnych
Główny
96%
Mikołajów
91%
Nadodrze
84%
Brochów
83%
Psie Pole
83%
Leśnica
80%
Muchobór
72%
Nowy Dwór
70%
Zachodni
70%
Grabiszyn
67%
Osobowice
65%
Stadion
65%
Popowice
63%
Partynice
59%
Żerniki
59%
Wojnów
58%
Różanka
57%
Sołtysowice
57%
Szczepin
55%
Pracze
54%
Swojczyce
50%
Kuźniki
49%
Świniary
46%
Wojszyce
46%
Zakrzów
46%
Wojnów Wschodni
45%
Kowale
43%
Pawłowice
39%
Strachocin
39%
Popiele
32%
Nie znaleziono quizów pasujących do podanych kryteriów
Rozkład punktacji
Procent ludzi z każdym wynikiem
Percentyl według liczby udzielonych odpowiedzi
Twoja historia wyników
Nie rozwiązałeś tego quizu